[Event "St Petersburg Autumn op"]
[Site "St Petersburg"]
[Date "2009.??.??"]
[Round "8"]
[White "Dodonov, Vladimir"]
[Black "Grechishkin, Vitaly"]
[Result "1-0"]
[WhiteElo "1960"]
[BlackElo "1820"]
[PlyCount "97"]
[EventDate "2009.10.??"]
[EventType "swiss"]
[EventRounds "9"]
[EventCountry "RUS"]
[SourceTitle "EXT 2011"]
[Source "ChessBase"]
[SourceDate "2010.11.26"]
[SourceVersion "1"]
[SourceVersionDate "2010.11.26"]
[SourceQuality "1"]

1. e4 c5 2. Nf3 d6 3. d4 cxd4 4. Nxd4 Nf6 5. Nc3 a6 6. Bd3 e6 7. 0-0 Bd7 8. f3 Be7 9. Be3 Nc6 10. Qd2 Ne5 11. Kh1 Nxd3 12. cxd3 b5 13. f4 Ng4 14. Bg1 0-0 15. f5 Bg5 16. Qe2 h5 17. h3 Nf6 18. Bh2 e5 19. Nc2 g6 20. Ne3 Bxe3 21. Qxe3 Kg7 22. Bg3 Nh7 23. fxg6 fxg6 24. Rxf8 Qxf8 25. Nd5 Qd8 26. Rf1 Be6 27. d4 Qg5 28. dxe5 Qxe3 29. Nxe3 Bxa2 30. exd6 Be6 31. Be5+ Kg8 32. h4 Rc8 33. Bc3 Rf8 34. Rd1 Rf4 35. d7 Rxh4+ 36. Kg1 Bxd7 37. Rxd7 Rxe4 38. Rg7+ Kf8 39. Nd5 b4 40. Nxb4 Rxb4 41. Rxh7 Rb6 42. Kf2 Rb5 43. Ra7 Rf5+ 44. Kg3 g5 45. Rxa6 Ke7 46. Rh6 h4+ 47. Kg4 Rf2 48. Kxg5 Rxg2+ 49. Kxh4 1-0

[Event "St Petersburg Autumn op"]
[Site "St Petersburg"]
[Date "2009.??.??"]
[Round "5"]
[White "Obraztsov, Nikita"]
[Black "Grechishkin, Vitaly"]
[Result "1-0"]
[WhiteElo "1865"]
[BlackElo "1820"]
[PlyCount "90"]
[EventDate "2009.10.??"]
[EventType "swiss"]
[EventRounds "9"]
[EventCountry "RUS"]
[SourceTitle "EXT 2011"]
[Source "ChessBase"]
[SourceDate "2010.11.26"]
[SourceVersion "1"]
[SourceVersionDate "2010.11.26"]
[SourceQuality "1"]

1. e4 c5 2. Nf3 d6 3. d4 cxd4 4. Nxd4 Nf6 5. Nc3 a6 6. a4 e6 7. Be3 Bd7 8. Bd3 e5 9. Nb3 Ng4 10. Qd2 Nxe3 11. Qxe3 Be7 12. 0-0 Bg5 13. Qe2 Nc6 14. Rad1 0-0 15. Bc4 Be6 16. Bd5 Qc7 17. Qc4 Qe7 18. Qe2 Rac8 19. Bxc6 Rxc6 20. Nd5 Bxd5 21. Rxd5 Qc7 22. c3 Be7 23. Na5 Rc5 24. Rxc5 dxc5 25. Nc4 b5 26. axb5 axb5 27. Ne3 c4 28. Nd5 Qa7 29. Qg4 Bd8 30. h4 Qc5 31. h5 f5 32. Qe2 Bh4 33. g3 Bxg3 34. Ne3 Bxf2+ 35. Qxf2 f4 36. Nd5 Qxf2+ 37. Rxf2 Rf7 38. Kg2 g5 39. hxg6 hxg6 40. Kf3 Kg7 41. Rg2 Ra7 42. Nb4 Ra8 43. Rd2 Rh8 44. Rd7+ Kf8 45. Rd8+ Ke7 1-0

[Event "St Petersburg Autumn op"]
[Site "St Petersburg"]
[Date "2009.??.??"]
[Round "2"]
[White "Tkachev, Ivan"]
[Black "Grechishkin, Vitaly"]
[Result "1-0"]
[WhiteElo "1990"]
[BlackElo "1820"]
[PlyCount "149"]
[EventDate "2009.10.??"]
[EventType "swiss"]
[EventRounds "9"]
[EventCountry "RUS"]
[SourceTitle "EXT 2011"]
[Source "ChessBase"]
[SourceDate "2010.11.26"]
[SourceVersion "1"]
[SourceVersionDate "2010.11.26"]
[SourceQuality "1"]

1. d4 d5 2. Nf3 e6 3. Bf4 Bd6 4. e3 Bxf4 5. exf4 Nf6 6. Bd3 0-0 7. 0-0 Nbd7 8. Nbd2 c5 9. c3 c4 10. Bc2 h6 11. Ne5 Nxe5 12. fxe5 Ne8 13. f4 g6 14. Qg4 Ng7 15. Nf3 Nf5 16. Rae1 Kg7 17. Qh3 b5 18. g4 Ne7 19. Nh4 Rh8 20. f5 exf5 21. gxf5 Nxf5 22. Nxf5+ Kf8 23. Qh4 Bxf5 24. Qxd8+ Rxd8 25. Bxf5 gxf5 26. Rxf5 Rg8+ 27. Kh1 Ke7 28. Ref1 Rdf8 29. Rf6 Rg6 30. h4 a5 31. h5 Rg4 32. Rb6 Rh4+ 33. Kg2 Rg8+ 34. Kf3 b4 35. Rb7+ Ke6 36. Ke2 f5 37. exf6 bxc3 38. bxc3 Rg2+ 39. Kd1 Rxa2 40. Rb6+ Kd7 41. Kc1 Ra1+ 42. Rb1 Rxb1+ 43. Kxb1 Ke8 44. Rf5 Rh1+ 45. Ka2 Rh2+ 46. Kb1 Rh3 47. Rxd5 Rxc3 48. Rxa5 Rd3 49. Rd5 Kf7 50. Rd6 Rh3 51. Kc2 Rf3 52. d5 Rd3 53. Kb2 Rh3 54. Kc2 Rxh5 55. Kc3 Rh4 56. Rc6 h5 57. Kb4 Rf4 58. d6 Rxf6 59. d7 Rxc6 60. d8Q Rf6 61. Kxc4 Kg6 62. Kd4 Rf4+ 63. Ke5 Rf7 64. Qe8 Kg7 65. Qd8 Kg6 66. Ke6 Ra7 67. Qg8+ Kh6 68. Qf8+ Kh7 69. Qf5+ Kh6 70. Qf4+ Kh7 71. Qe4+ Kg8 72. Qg6+ Kf8 73. Qf6+ Kg8 74. Qg5+ Kf8 75. Qc5+ 1-0

[Event "Chigorin Memorial 16th"]
[Site "St Petersburg"]
[Date "2008.10.04"]
[Round "1"]
[White "Grechishkin, Vitaly"]
[Black "Kaganskiy, Gleb"]
[Result "0-1"]
[WhiteElo "1861"]
[BlackElo "2330"]
[PlyCount "50"]
[EventDate "2008.10.03"]
[EventType "swiss"]
[EventRounds "9"]
[EventCountry "RUS"]
[SourceTitle "CBM 126 Extra"]
[Source "ChessBase"]
[SourceDate "2008.11.05"]
[SourceVersion "1"]
[SourceVersionDate "2008.11.05"]
[SourceQuality "1"]

1. Nf3 d5 2. d4 Nf6 3. h3 c5 4. c3 Nc6 5. e3 e6 6. Nbd2 Qc7 7. Bd3 Bd6 8. dxc5 Bxc5 9. 0-0 0-0 10. e4 h6 11. b4 Bb6 12. a4 a6 13. Bb2 Rd8 14. Qe2 Nh5 15. exd5 exd5 16. Rae1 Bxh3 17. Nd4 Nf4 18. Qf3 Bxg2 19. Qg4 Bxd4 20. cxd4 Nxd3 21. Kxg2 Rd6 22. Qh4 Nxb2 23. Re3 Nc4 24. Rg3 Nxd2 25. Qf4 Nxf1 0-1

[Event "St Petersburg March op"]
[Site "St Petersburg"]
[Date "2008.03.26"]
[Round "5"]
[White "Grechishkin, Vitaly"]
[Black "Belenkaya, Dina"]
[Result "0-1"]
[WhiteElo "1910"]
[BlackElo "1938"]
[PlyCount "76"]
[EventDate "2008.03.22"]
[EventType "swiss"]
[EventRounds "9"]
[EventCountry "RUS"]
[SourceTitle "EXT 2010"]
[Source "ChessBase"]
[SourceDate "2010.11.25"]
[SourceVersion "1"]
[SourceVersionDate "2010.11.25"]
[SourceQuality "1"]

1. Nf3 d5 2. d4 Nf6 3. h3 e6 4. Bf4 c5 5. c3 Nc6 6. e3 Bd6 7. Ne5 0-0 8. Nd2 Qc7 9. Ng4 Nxg4 10. hxg4 Bxf4 11. exf4 Qxf4 12. g3 Qf6 13. Qc2 g6 14. f4 cxd4 15. 0-0-0 dxc3 16. bxc3 Bd7 17. g5 Qg7 18. Kb1 Rac8 19. Qd3 Na5 20. Qd4 Rxc3 21. Qxg7+ Kxg7 22. Be2 Rh8 23. Ne4 Re3 24. Nf6 Rxe2 25. Nxd7 h5 26. gxh6+ Rxh6 27. Rxh6 Kxh6 28. Ne5 f6 29. Ng4+ Kg7 30. Rc1 Nc4 31. Rc3 b5 32. a3 a5 33. Kc1 Kf7 34. Rb3 Nd6 35. Rc3 Nc4 36. Rb3 Ke7 37. Nh6 Rh2 38. Ng4 Ra2 0-1

[Event "St Petersburg March op"]
[Site "St Petersburg"]
[Date "2008.03.22"]
[Round "1"]
[White "Grechishkin, Vitaly"]
[Black "Butuc, Maria"]
[Result "0-1"]
[WhiteElo "1910"]
[BlackElo "2137"]
[PlyCount "88"]
[EventDate "2008.03.22"]
[EventType "swiss"]
[EventRounds "9"]
[EventCountry "RUS"]
[SourceTitle "EXT 2010"]
[Source "ChessBase"]
[SourceDate "2010.11.25"]
[SourceVersion "1"]
[SourceVersionDate "2010.11.25"]
[SourceQuality "1"]

1. Nf3 d5 2. d4 Nf6 3. h3 Bf5 4. Bf4 e6 5. e3 Be7 6. Bd3 Bxd3 7. Qxd3 0-0 8. Nbd2 c5 9. c3 Nc6 10. g4 cxd4 11. exd4 Rc8 12. g5 Nh5 13. Be3 Qc7 14. Rg1 Nf4 15. Bxf4 Qxf4 16. Rg4 Qf5 17. Qxf5 exf5 18. Rg2 Bd6 19. 0-0-0 Rfe8 20. Re1 Rxe1+ 21. Nxe1 Nxd4 22. Kd1 Ne6 23. Nd3 g6 24. Nf3 Re8 25. Rg1 Nf4 26. Nxf4 Bxf4 27. Re1 Re4 28. h4 Kg7 29. Rxe4 fxe4 30. Nd4 Be5 31. Ke2 Bxd4 32. cxd4 h6 33. f3 exf3+ 34. Kxf3 hxg5 35. hxg5 f6 36. Kf4 Kf7 37. b3 b6 38. a3 a6 39. Kg4 fxg5 40. Kxg5 Kg7 41. Kf4 Kf6 42. Kg4 g5 43. Kf3 Kf5 44. Ke3 g4 0-1